000 00267nam a22001217a 4500
008 170428b xxu||||| |||| 00| 0 eng d
041 _aeng
080 _22 ED
_a34
100 _a13
101 _ashj
245 _aAMERICAN JURISPRUNDENCE
_cTOPIC.I
942 _2udc
_cBK
999 _c12298
_d12298